Pays qui battent le Koweït - Statistiques

Statistiques générales
  • Ce quiz a été pris 756 fois
  • Le résultat moyen est 10 sur 20
Statistiques - réponses
Rang Catégorie Pays % Correct
5 Le plus riche par habitant d'Asie Qatar | Singapour | Brunei | Emirats Arabes Unis
92%
4 Consommation d'énergie par habitant la plus importante Islande | Trinité-et-Tobago | Qatar
81%
9 Le plus de gratte-ciel par habitant Monaco | Emirats Arabes Unis | Singapour | Qatar | Panama | Bahrein | Corée du Sud | Australie
72%
5 Le plus de voitures par habitant en Asie Japon | Bahrein | Qatar | Chypre
70%
6 Le moins boisés (%) Qatar | Oman | Egypte | Libye | Mauritanie
66%
5 Pourcentage d'hommes le plus élevé Vatican | Qatar | Emirats Arabes Unis | Bahrein
59%
2 Frontière de l'Irak la plus courte Jordanie
56%
3 Frontaliers les plus riches en Asie Qatar/Arabie Saoudite | Emirats Arabes Unis/Arabie Saoudite
56%
6 Valant le plus de points au Scrabble en Asie Tadjikistan | Azerbaidjan | Ouzbekistan | Kirghizistan | Kazakhstan
56%
8 Capitale la plus chaude Soudan | Niger | Tchad | Mali | Burkina Faso | Soudan du Sud | Emirats Arabes Unis
52%
3 Plus petit commençant par "K" Kiribati | Kosovo
47%
5 Avec le moins de locuteurs arabes ou l'arabe est une langue officielle Comores | Djibouti | Bahrein | Qatar
44%
3 Taux de divorce le plus élevé en Asie (Russie) | Corée du Sud | Chine
44%
4 Emissions de CO2 les plus importantes par habitant Palaos | Qatar | Trinité-et-Tobago
41%
5 Consommation d'électricité par habitant la plus importante Islande | Norvège | Canada | Finlande
40%
9 Taux d'obésité le plus élevé Nauru | Palaos | Îles Marshall | Tuvalu | Tonga | Samoa | Kiribati | Micronesie
36%
2 Plus petit contenant "W" Eswatini
31%
5 Le plus dépendant de l'export de pétrole en Asie Irak | Azerbaidjan | Turkmenistan | Brunei
27%
6 Le moins de terres arables (%) Djibouti | Oman | Seychelles | Mongolie | Suriname
23%
3 Consommation de pétrole par habitant la plus importante Singapour | Nauru
16%
Aucun quiz correspondant
Distribution des résultats
% des personnes avec chaque résultat
Percentile par nombre de réponses
Votre historique - résultats
Vous n’avez pas pris ce quiz